header

Beyond the World Bank agenda (Record no. 10521)

MARC details
000 -LEADER
fixed length control field 01411nam a2200361 a 4500
082 04 - DEWEY DECIMAL CLASSIFICATION NUMBER
Classification number 338.9009172/4
100 1# - MAIN ENTRY--AUTHOR NAME
Personal name Stein, Howard,
245 10 - TITLE STATEMENT
Title Beyond the World Bank agenda
260 ## - PUBLICATION, DISTRIBUTION, ETC. (IMPRINT)
Place of publication Chicago :
Name of publisher University of Chicago Press,
Year of publication 2008.
300 ## - PHYSICAL DESCRIPTION
Number of Pages xviii, 334 p. :
Other physical details ill.
650 #0 - SUBJECT ADDED ENTRY--TOPICAL TERM
Topical Term Economic development
Topical Term Institutional economics.
856 40 - ELECTRONIC LOCATION AND ACCESS
Uniform Resource Identifier http://site.ebrary.com/lib/rucke/Doc?id=10265947

No items available.

© 2026 Rongo University
Contact us: librarian | system librarian | Rongo university